00762nam a2200205 a 450000100100000000500170001000800410002702000150006804000250008308200190010824500780012726000480020530000250025350400740027865000180035265000370037004900090040795201230041699900170053900002330620241007115234.0101201s1994 enk 000 0 eng d a0415109906 aDO-SdBNPbspacBNPHU a338.4791bN27700aNational and regional tourism planning :bmethodologies and case studies. aLondon :bWold Tourism Organisation,c1994. aix, 249 p. ;c24 cm. aIncluye referencias bibliográficas y notas al pie de las páginas. 0aTurismo92632 4aTurismoxAdministración947995 aBNGR 001052708MOaGRbGRcCTd2010-12-01iLF1l0o338.4791 N277p23306-10r2020-06-25w2020-06-25y2ZPréstamo interno c22803d22803